000 00332nam a2200145Ia 4500
008 191201s2011 xx 000 0 und d
082 _a005.133
_bSCJ
100 _aSCHILDT,Herbert
245 0 _aComplete Reference JAVA 2
250 _a5th
260 _aN.Delhi
_bTMH
_c2011
300 _a1154
650 _aMCA
942 _2ddc
_cBK
_02
999 _c5124
_d5124